000 00537nmm a2200169Ia 4500
008 251105s9999||||xx |||||||||||||||||und||
020 _a9788437070971
041 _aspa
100 _aDuran, Xavier
245 0 _aEl artista en el laboratorio :
_b Pinceladas sobre arte y ciencia
264 _a[Madrid, España] :
_bPublicaciones de la Universidad de Valencia (PUV),
_c2008
300 _a224 páginas
490 _aSin fronteras
650 _aArts in general
856 _uhttps://public.digitaliapublishing.com/a/34963
942 _cCF
999 _c82419
_d82419